Deuteronomy / (Record no. 7196)
[ view plain ]
| 000 -LEADER | |
|---|---|
| fixed length control field | 00668cam a22002174a 4500 |
| 001 - CONTROL NUMBER | |
| control field | 12835979 |
| 005 - DATE AND TIME OF LATEST TRANSACTION | |
| control field | 20250728154801.0 |
| 008 - FIXED-LENGTH DATA ELEMENTS--GENERAL INFORMATION | |
| fixed length control field | 020628s2002 enk b 001 0 eng |
| 020 ## - INTERNATIONAL STANDARD BOOK NUMBER | |
| International Standard Book Number | 0851117791 |
| Qualifying information | UK |
| 020 ## - INTERNATIONAL STANDARD BOOK NUMBER | |
| International Standard Book Number | 0830825053 |
| Qualifying information | US |
| 020 ## - INTERNATIONAL STANDARD BOOK NUMBER | |
| International Standard Book Number | 9780851117799 |
| Qualifying information | (UK) |
| 020 ## - INTERNATIONAL STANDARD BOOK NUMBER | |
| International Standard Book Number | 9780830825059 |
| Qualifying information | (US) |
| 050 00 - LIBRARY OF CONGRESS CALL NUMBER | |
| Classification number | BS1275.53 |
| Item number | .M33 2002 |
| 082 00 - DEWEY DECIMAL CLASSIFICATION NUMBER | |
| Classification number | 222/.15077 |
| Edition information | 21 |
| 100 1# - MAIN ENTRY--PERSONAL NAME | |
| Personal name | McConville, J. G. |
| Fuller form of name | (J. Gordon) |
| 245 10 - TITLE STATEMENT | |
| Title | Deuteronomy / |
| Statement of responsibility, etc. | J.G. McConville. |
| 260 ## - PUBLICATION, DISTRIBUTION, ETC. | |
| Place of publication, distribution, etc. | Leicester, England : |
| Name of publisher, distributor, etc. | Apollos ; |
| Place of publication, distribution, etc. | Downers Grove, Ill. : |
| Name of publisher, distributor, etc. | InterVarsity Press, |
| Date of publication, distribution, etc. | c2002. |
| 300 ## - PHYSICAL DESCRIPTION | |
| Extent | 544 p. ; |
| Dimensions | 24 cm. |
| 440 #0 - SERIES STATEMENT/ADDED ENTRY--TITLE | |
| Title | Apollos Old Testament commentary ; |
| Volume/sequential designation | 5 |
| 942 ## - ADDED ENTRY ELEMENTS (KOHA) | |
| Source of classification or shelving scheme | Library of Congress Classification |
| Koha item type | Reference |
| Suppress in OPAC | No |
| 999 ## - | |
| -- | 7196 |
| -- | 7196 |
| Withdrawn status | Lost status | Source of classification or shelving scheme | Damaged status | Not for loan | Collection | Home library | Current library | Shelving location | Date acquired | Total checkouts | Full call number | Barcode | Date last seen | Copy number | Price effective from | Koha item type |
|---|---|---|---|---|---|---|---|---|---|---|---|---|---|---|---|---|
| Library of Congress Classification | Reference | Undergraduate Library (Christ Temple) | Undergraduate Library (Christ Temple) | General stacks | 07/28/2025 | BS1255.53 MCC | ulct00004202 | 07/28/2025 | 1 | 07/28/2025 | Reference |